• 首页
  • 本馆介绍
  • 公告通知
  • 最新文献
  • 馆藏检索
  • 电子资源
  • 读者导购
  • 参考咨询
  • 我的图书馆
  • 登录
  • 详细信息显示
  • 放入我的书架
  • 预约/预借图书
  • 作者相关作品
  • 分类相关作品
  • 丛书相关作品
  • 出版社相关作品

书目信息

  • 表格格式
  • 工作单格式
  • 卡片格式
题名:
哲学社会科学论坛
    
 
作者: 黄晞建 , 张海燕 , 张宁 主编
分册: 第十一期  
出版信息: 上海   东华大学出版社  2018
页数: 362页
开本: 26cm
丛书名:
单 册:
中图分类: C53 , G444-53
科图分类:
主题词: 哲学社会科学--文集 , 大学生--心理健康--健康教育--文集
电子资源:
ISBN: 978-7-5669-1305-0
000 00907nam0 2200265 450
001 1322
005 20180522105543.15
010    @a978-7-5669-1305-0@dCNY88.00
100    @a20180412d2018 em y0chiy50 ea
101 0  @achi
102    @aCN@b310000
105    @aak z 000yy
200 1  @a哲学社会科学论坛@9zhe xue she hui ke xue lun tan@h第十一期@e多元文化视角下的心理咨询理论与实践@f黄晞建,张海燕,张宁主编
210    @a上海@c东华大学出版社@d2018
215    @a362页@c图@d26cm
517 1  @a多元文化视角下的心理咨询理论与实践@9duo yuan wen hua shi jiao xia de xin li zi xun li lun yu shi jian
606 0  @a哲学社会科学@j文集
606 0  @a大学生@x心理健康@x健康教育@j文集
690    @aC53@v5
690    @aG444-53@v5
701  0 @a黄晞建@9huang xi jian@4主编
701  0 @a张海燕@9zhang hai yan@4主编
701  0 @a张宁@9zhang ning@4主编
801  0 @aCN@b91MARC@c20180412
905    @aMuseLib@dC53@e363
    
    哲学社会科学论坛.第十一期:多元文化视角下的心理咨询理论与实践/黄晞建,张海燕,张宁主编.-上海:东华大学出版社,2018
    362页:图;26cm
    
    
    ISBN 978-7-5669-1305-0:CNY88.00
    
●
相关链接 在E读中查询图书 在五车中查询图书 在当当中查询图书 在豆瓣中查询图书


正题名:哲学社会科学论坛     索取号:C53/363         预约/预借

序号 登录号 条形码 馆藏地/架位号 状态 备注
1 1103832   211038321   第一样本阅览室/ [索取号:C53/363] 在馆    
2 1103833   211038330   教育系资料室/ [索取号:C53/363] 在馆    
3 1103834   211038349   教育系资料室/ [索取号:C53/363] 在馆    
4 1103835   211038358   教育系资料室/ [索取号:C53/363] 在馆    
5 1103836   211038367   第一借阅区/ [索取号:C53/363] 在馆    
6 1103837   211038376   第一借阅区/ [索取号:C53/363] 在馆    
唐山师范学院图书馆 欢迎您!
大连网信软件有限公司© 版权所有